Serie de palabras - Navidad - Estadísticas

Estadísticas generales
  • Esta prueba ha sido intentada 1.948 veces
    1.882 desde el último reinicio
  • La puntuación promedio es 9 de 18
Estadísticas de respuestas
Pista País % Correcto
Los que se comparten (o se reciben debajo del árbol) Regalos
86%
En la Anunciación, este tipo de criatura vino a la Virgen María Ángel
82%
El 24 de diciembre Nochebuena
81%
Palabra que refiere al género de canciones navideñas Villancico
79%
Versión estadounidense de Papá Noel Santa Claus
78%
Padre adoptivo de Jesús San José
74%
El bollo de Reyes Roscón
68%
La Navidad celebra un acto de ____ incondicional de Dios Amor
65%
Suele ser una conífera como de abeto o pino Árbol
57%
El siglo en que fue establecida la fecha de la Navidad por Julio I Siglo IV
42%
Los Reyes Magos le ________ a Jesús tres regalos Ofrecieron
41%
Lo que los Reyes Magos vinieron para hacer Adorar
36%
El Evangelio en que ocurre la Anunciación Lucas
33%
Nombre oficial del día de los Reyes Magos Epifanía
30%
Sentimiento grato característico de la Navidad Alegría
25%
Santo cuya fiesta es el 6 de diciembre Nicolás
23%
Tipo de comida muy común en la Navidad, por ejemplo la escudella i carn d'olla Sopa
21%
La primera fue el 18 de diciembre de 1812 en Cádiz Lotería
14%
No se encontraron pruebas coincidentes
Distribución de puntuación
Porcentaje de gente con cada puntuación
Porcentaje por número respondido
Historial de tus puntuaciones
No has intentado esta prueba desde el último reinicio